000 01079nam a2200205Ia 4500
003 Ost
005 20260507074949.0
008 260507s9999||||xx |||||||||||||| ||und||
040 _cfsecg
041 _aara
082 _a657
100 _aالصحن، عبد الفتاح محمد
_eمؤلف
245 0 _aاسس المراجعة الخارجية /
_c عبد الفتاح محمد الصحن
260 _aالاسكندرية:
_bالمكتب الجامعي الحديث,
_c2007
300 _a355 صفحة؛
_bإيضاحات ؛
_c25 سم
520 _aمقدمة في خدمات التأكيد المهني والمراجعة،الإطار المهني للمراجعة،المسئولية القانونية للمراجع،مراجعة الأصول الثابتة،مراجعة النقدية وعمليات المقبوضات والمدفوعات،مراجعة المخزون،مراجعة الخصوم،تقرير مراقب الحسابات
653 _aمراجعة الحسابات
700 _aحسن، أحمد عبيد
_eمؤلف ثانوي
942 _cكتاب
999 _c41980
_d41980